Rent regimes delayed (Record no. 118336)
[ view plain ]
| 000 -LEADER | |
|---|---|
| fixed length control field | 00999cam a2200217 4500 |
| 001 - CONTROL NUMBER | |
| control field | WB@3612-388 |
| 008 - FIXED-LENGTH DATA ELEMENTS--GENERAL INFORMATION | |
| fixed length control field | 041118n2004 000 0 eng u |
| 035 ## - SYSTEM CONTROL NUMBER | |
| System control number | (Sirsi) u128041 |
| 245 ## - TITLE STATEMENT | |
| Title | Rent regimes delayed |
| 260 ## - PUBLICATION, DISTRIBUTION, ETC. | |
| Date of publication, distribution, etc. | 2004 |
| 490 ## - SERIES STATEMENT | |
| Series statement | Inside Housing |
| Volume/sequential designation | (21)45 12 November 2004, 3(1) |
| 520 ## - SUMMARY, ETC. | |
| Summary, etc. | Government has shelved plans for council tenants' rents to rise to the levels charged by housing associations. It will delay changes until April 2006 instead of spring 2005. Two of the pain proposals in the review were that councils and associations should both use the formula currently used by associations and landlords would be able to charge more for larger homes. Reasons for the delay are fears that a piecemeal implementation of the changes would cause greater confusion. |
| 590 ## - LOCAL NOTE (RLIN) | |
| Local note | WB |
| 590 ## - LOCAL NOTE (RLIN) | |
| Local note | WB |
| 650 ## - SUBJECT ADDED ENTRY--TOPICAL TERM | |
| Topical term or geographic name entry element | RENT RESTRUCTURING |
| 650 ## - SUBJECT ADDED ENTRY--TOPICAL TERM | |
| Topical term or geographic name entry element | GOVERNMENT POLICY |
| 650 ## - SUBJECT ADDED ENTRY--TOPICAL TERM | |
| Topical term or geographic name entry element | HOUSING ASSOCIATIONS |
| 650 ## - SUBJECT ADDED ENTRY--TOPICAL TERM | |
| Topical term or geographic name entry element | SOCIAL HOUSING |
| 690 ## - LOCAL SUBJECT ADDED ENTRY--TOPICAL TERM (OCLC, RLIN) | |
| Topical term or geographic name as entry element | HOUSING |
| 942 ## - ADDED ENTRY ELEMENTS (KOHA) | |
| Suppress in OPAC | 0 |
| Withdrawn status | Lost status | Source of classification or shelving scheme | Damaged status | Not for loan | Home library | Current library | Shelving location | Date acquired | Total Checkouts | Full call number | Barcode | Date last seen | Copy number | Price effective from | Koha item type |
|---|---|---|---|---|---|---|---|---|---|---|---|---|---|---|---|
| Dewey Decimal Classification | London | London | News article | 18/11/2004 | WB4044-10 | 128041-1001 | 06/08/2019 | 1 | 06/08/2019 | News article |